Машиностроительное черчение и автоматизация выполнения чертежей: учебник для вузов

Detalles Bibliográficos
Autor Principal: Левицкий В. С. Владимир Сергеевич
Idioma:ruso
Publicado: Москва, Высшая школа, 2003
Edición:5-е изд., доп. и перераб.
Subjects:
Formato: MixedMaterials Libro
KOHA link:https://koha.lib.tpu.ru/cgi-bin/koha/opac-detail.pl?biblionumber=67714

MARC

LEADER 00000nam0a2200000 4500
001 67714
005 20231031073812.0
010 |a 5060040356 
035 |a (RuTPU)RU\TPU\book\72106 
090 |a 67714 
100 |a 20040922d2003 m y0rusy50 ca 
101 0 |a rus 
102 |a RU 
105 |a a j 001zy 
200 1 |a Машиностроительное черчение и автоматизация выполнения чертежей  |e учебник для вузов  |f В. С. Левицкий 
205 |a 5-е изд., доп. и перераб. 
210 |a Москва  |c Высшая школа  |d 2003 
215 |a 429 с.  |c ил. 
320 |a Библиогр.: с. 425-426 
451 1 |0 (RuTPU)RU\TPU\book\79528  |y 5-06-004035-6  |t Машиностроительное черчение и автоматизация выполнения чертежей  |o учебник  |f В. С. Левицкий  |e 6-е изд., перераб. и доп.  |c М.  |n Высшая школа  |d 2004  |p 435 с.  |a Левицкий, Владимир Сергеевич 
451 1 |0 (RuTPU)RU\TPU\book\44775  |y 5-06-004035-6  |t Машиностроительное черчение и автоматизация выполнения чертежей  |o учебник для вузов  |f В. С. Левицкий  |e 5-е изд., перераб. и доп.  |c М.  |n Высшая школа  |d 2002  |p 429 с.  |a Левицкий, Владимир Сергеевич 
610 1 |a машиностроительное черчение 
610 1 |a чертежи 
610 1 |a оформление 
610 1 |a приборы 
610 1 |a детали 
610 1 |a изделия 
610 1 |a элементы 
610 1 |a изображения 
610 1 |a эскизирование 
610 1 |a деталирование 
610 1 |a автоматизация 
610 1 |a учебники 
675 |a 744:621(075.8)  |v 3 
675 |a 681.327.1(075.8)  |v 3 
700 1 |a Левицкий  |b В. С.  |g Владимир Сергеевич 
801 1 |a RU  |b 63413507  |c 20040922  |g PSBO 
801 2 |a RU  |b 63413507  |c 20080321  |g PSBO 
900 |a Машиностроительное черчение 
942 |c BK 
952 |a 550000  |b 030800